| 000 | 004660000a22001810004500 | ||
|---|---|---|---|
| 005 | 20120302052626.0 | ||
| 942 | _cBOOK | ||
| 245 | _a Strange adventures of andrew Bettell of Leigh, in Angola and the adjoining regions | ||
| 260 |
_aLondon: _bHakluyt, _c1891 |
||
| 300 | _axx,210,20p | ||
| 040 | _aENG | ||
| 365 | _bRs. | ||
| 650 | _aHistory | ||
| 650 | _aHistory-Kongo-Angola | ||
| 650 | _aMaramba-Fetish | ||
| 650 | _aFinal Escape | ||
| 650 | _aTrading-Loango | ||
| 999 |
_c340632 _d340629 |
||